| 000 | 00643nam a22002057a 4500 | ||
|---|---|---|---|
| 005 | 20250212110424.0 | ||
| 010 | _aENG-143734 | ||
| 020 |
_c599.00 _a9878119798377 |
||
| 035 | _aEN-127266 | ||
| 037 | _bDBAD | ||
| 082 |
_a372.623 _21 |
||
| 100 |
_aMenon, Ramesh _977508 |
||
| 245 |
_aArt of Creative Writing/ _cby Ramesh Menon |
||
| 250 | _a1 | ||
| 260 |
_aNew Delhi _bHar-Anand Publications Pvt Ltd _c2024 |
||
| 270 |
_bNew Delhi _e110020 _aE-49/3, Okhla Industrial Area, Phase II _minfo@haranandbooks.com |
||
| 300 |
_a216p. _c21cm(pb) |
||
| 700 |
_aRamesh Menon _eTranslator _977463 |
||
| 942 |
_2ddc _cEN _mMEN _h372.623 |
||
| 999 |
_c208974 _d208974 |
||